000 00399nam a2200169Ia 4500
005 20240823062948.0
008 240823s9999||||xx |||||||||||||| ||und||
082 _A511 N7
100 _aKandasamy P [etal]
245 0 _aNumerical Methods
250 _a1st
260 _c1997
_b"S Chand,New Delhi"
500 _aYES
650 _aNumerical Methods
_bMathematics
942 _cBK
999 _c237122
_d237122